Jak se stát ještě lepším manažerem kompletní soupis osvědčených technik a nezbytných dovedností

Salvato in:
Dettagli Bibliografici
Autore principale: Armstrong, Michael
Altri autori: Dobiášek, Ondřej
Natura: Libro
Lingua:ceco
Pubblicazione: Praha Ekopress 2006
Soggetti:
Tags: Aggiungi Tag
Nessun Tag, puoi essere il primo ad aggiungerne!!

MARC

LEADER 00000nam$a2200000$$$4500
001 0049584
005 20240313085924.5
020 |a 80-86929-00-0 
041 0 |a cze 
044 |a CZ 
245 1 0 |a Jak se stát ještě lepším manažerem  |b kompletní soupis osvědčených technik a nezbytných dovedností  |c Michael Armstrong ; překlad: Ondřej Dobiášek 
264 1 |a Praha  |b Ekopress  |c 2006 
300 |a 308 s. 
610 2 0 |a manažéri 
610 2 0 |a schopnosti pracovné 
610 2 0 |a zručnosti 
610 2 0 |a manažment 
610 2 0 |a výkony pracovné 
610 2 0 |a hodnotenie práce 
610 2 0 |a asertivita 
610 2 0 |a autorita 
610 2 0 |a komunikácia 
610 2 0 |a vedenie 
610 2 0 |a koordinácia 
610 2 0 |a kreativita 
610 2 0 |a rozhodovanie 
610 2 0 |a inteligencia 
610 2 0 |a práca s ľuďmi 
610 2 0 |a konflikty 
610 2 0 |a prijímanie pracovníkov 
610 2 0 |a motivácia pracovná 
610 2 0 |a vyjednávanie 
610 2 0 |a politika 
100 1 |a Armstrong, Michael 
700 1 |a Dobiášek, Ondřej